|
|
|
|
| LEADER |
00000cam a22000004a 4500 |
| 001 |
musev2_8137 |
| 003 |
MdBmJHUP |
| 005 |
20230905040926.0 |
| 006 |
m o d |
| 007 |
cr||||||||nn|n |
| 008 |
020423s2003 hiu o 00 0 eng d |
| 010 |
|
|
|z 2002006434
|
| 020 |
|
|
|a 9780824862008
|
| 020 |
|
|
|z 0824862007
|
| 020 |
|
|
|z 9780824826086
|
| 035 |
|
|
|a (OCoLC)52859386
|
| 040 |
|
|
|a MdBmJHUP
|c MdBmJHUP
|
| 043 |
|
|
|a a-ja---
|
| 050 |
0 |
4 |
|a ND1053.44.K35
|b C67 2003
|
| 082 |
0 |
|
|a 759.952/071/052
|2 21
|
| 245 |
0 |
0 |
|a Copying the Master and Stealing His Secrets /
|c edited by Brenda G. Jordan and Victoria Weston.
|
| 264 |
|
1 |
|a Honolulu :
|b University of Hawaiʻi Press,
|c 2003.
|
| 264 |
|
3 |
|a Baltimore, Md. :
|b Project MUSE,
|c 2012
|
| 264 |
|
4 |
|c ©2003.
|
| 300 |
|
|
|a 1 online resource:
|b ill. ;
|
| 336 |
|
|
|a text
|b txt
|2 rdacontent
|
| 337 |
|
|
|a computer
|b c
|2 rdamedia
|
| 338 |
|
|
|a online resource
|b cr
|2 rdacarrier
|
| 504 |
|
|
|a Includes bibliographical references (p. 233-242) and index.
|
| 588 |
|
|
|a Description based on print version record.
|
| 650 |
|
0 |
|a Painting
|x Study and teaching
|z Japan
|x History.
|
| 650 |
|
0 |
|a Painting, Japanese
|y Edo period, 1600-1868.
|
| 650 |
|
0 |
|a Kanō School.
|
| 655 |
|
7 |
|a Electronic books.
|2 local
|
| 700 |
1 |
|
|a Weston, Victoria Louise.
|
| 700 |
1 |
|
|a Jordan, Brenda G.
|
| 710 |
2 |
|
|a Project Muse.
|e distributor
|
| 830 |
|
0 |
|a Book collections on Project MUSE.
|
| 856 |
4 |
0 |
|z Texto completo
|u https://projectmuse.uam.elogim.com/book/8137/
|
| 945 |
|
|
|a Project MUSE - Custom Collection
|
| 945 |
|
|
|a Project MUSE - Archive Complete Foundation
|
| 945 |
|
|
|a Project MUSE - Archive History Foundation
|
| 945 |
|
|
|a Project MUSE - Archive Asian and Pacific Studies Foundation
|